Online katalóg knižníc regiónu Turca

Rose (Record no. 22795)

MARC details
000 -LEADER
fixed length control field 01235cam a2200385 a 4500
001 - CONTROL NUMBER
control field 22795
003 - CONTROL NUMBER IDENTIFIER
control field SK-KTurca
005 - DATE AND TIME OF LATEST TRANSACTION
control field 20260428071941.0
008 - FIXED-LENGTH DATA ELEMENTS--GENERAL INFORMATION
fixed length control field 240314s2011 xr j 010 f slo
015 ## - NATIONAL BIBLIOGRAPHY NUMBER
National bibliography number SNBZSA2014-002203
020 ## - INTERNATIONAL STANDARD BOOK NUMBER
International Standard Book Number 9788074471278
Qualifying information (viaz.)
035 ## - SYSTEM CONTROL NUMBER
System control number C543AA64-99D2-4AB9-8154-C752F633689F
035 ## - SYSTEM CONTROL NUMBER
System control number urn:nbn:sk:snk-amkbct
035 ## - SYSTEM CONTROL NUMBER
System control number urn:nbn:sk:snk-am003qoo
040 ## - CATALOGING SOURCE
Original cataloging agency PPPK
Language of cataloging slo
Transcribing agency PPPK
Modifying agency SNK
Description conventions AACR2
041 1# - LANGUAGE CODE
Language code of text/sound track or separate title slo
Language code of original eng
044 ## - COUNTRY OF PUBLISHING/PRODUCING ENTITY CODE
MARC country code xr
ISO country code CZ
072 #7 - SUBJECT CATEGORY CODE
Subject category code 821.111-3
Subject category code subdivision Anglická próza, anglicky písaná
Source konspekt
080 ## - UNIVERSAL DECIMAL CLASSIFICATION NUMBER
Universal Decimal Classification number 821.111-31
Edition identifier 2001
080 ## - UNIVERSAL DECIMAL CLASSIFICATION NUMBER
Universal Decimal Classification number 821-93
Edition identifier 2001
100 1# - MAIN ENTRY--PERSONAL NAME
Personal name Webb, Holly,
Dates associated with a name 1976-
Relationship aut
240 10 - UNIFORM TITLE
Uniform title Rose
Language of a work Slovensky
245 10 - TITLE STATEMENT
Title Rose
Statement of responsibility, etc. Holly Webbová ; [z anglického originálu preložila Marta Zajacová]
250 ## - EDITION STATEMENT
Edition statement 1. slov. vyd.
260 ## - PUBLICATION, DISTRIBUTION, ETC.
Place of publication, distribution, etc. Praha
Name of publisher, distributor, etc. CooBoo
Date of publication, distribution, etc. 2011
300 ## - PHYSICAL DESCRIPTION
Extent 263 s.
Dimensions 21 cm
500 ## - GENERAL NOTE
General note Vydalo nakladavateľstvo CooBoo v spoločnosti Albatros Media a. s.
500 ## - GENERAL NOTE
General note Prvý diel série Rose
655 #7 - INDEX TERM--GENRE/FORM
Genre/form data or focus term anglické romány
Source of term SNKPH
655 #7 - INDEX TERM--GENRE/FORM
Genre/form data or focus term publikácie pre deti
Source of term SNKPH
655 #7 - INDEX TERM--GENRE/FORM
Genre/form data or focus term English fiction
Source of term SNKPHeng
655 #7 - INDEX TERM--GENRE/FORM
Genre/form data or focus term Children's literature
Source of term SNKPHeng
700 1# - ADDED ENTRY--PERSONAL NAME
Personal name Zajacová, Marta
Relationship trl
942 ## - ADDED ENTRY ELEMENTS (KOHA)
Source of classification or shelving scheme Dewey Decimal Classification
Koha item type Krásna literatúra pre deti
Suppress in OPAC No
Holdings
Stav vyradenia Strata Poškodenie Spôsob nadobudnutia Domovská knižnica Aktuálna knižnica Dátum nadobudnutia Total checkouts Čiarový kód exemplára Date last seen Typ exemplára
      Dar Obecná knižnica Turčianska Štiavnička Obecná knižnica Turčianska Štiavnička 28.04.2026   4738001001 28.04.2026 Krásna literatúra pre deti
Projekt je podporený Slovenskou asociáciou knižníc
Prevádzkuje Turčianska knižnica Martin 2026